| 000 | 00573nam a2200121Ia 4500 | ||
|---|---|---|---|
| 008 | 220620s9999||||xx |||||||||||||| ||und|| | ||
| 100 | _aLima, LicÃnio C.||Guimarães, Paula | ||
| 245 | 0 |
_aEuropean Strategies in Lifelong Learning _bA Critical Introduction |
|
| 546 | _aEnglish[eng] | ||
| 650 | _aAdult education||continuous learning | ||
| 856 | _uhttps://library.oapen.org/bitstream/20.500.12657/23726/1/1006418.pdf||https://library.oapen.org/bitstream/20.500.12657/23726/1/1006418.pdf||https://library.oapen.org/bitstream/20.500.12657/23726/1/1006418.pdf | ||
| 942 | _cEB | ||
| 999 |
_c29837 _d29837 |
||